HIV/AIDS 101 (Record no. 179)

MARC details
000 -LEADER
fixed length control field 00777nam a2200205 a 4500
005 - DATE AND TIME OF LATEST TRANSACTION
control field 20260322212009.0
008 - FIXED-LENGTH DATA ELEMENTS--GENERAL INFORMATION
fixed length control field data
020 ## - INTERNATIONAL STANDARD BOOK NUMBER
International Standard Book Number 9780806837161
099 ## - LOCAL FREE-TEXT CALL NUMBER (OCLC)
Classification number DVD WC 503 H58
001 - CONTROL NUMBER
control field data
100 1# - MAIN ENTRY--PERSONAL NAME
Personal name Bouldin-Jones, Kim
245 10 - TITLE STATEMENT
Title HIV/AIDS 101
Statement of responsibility, etc. Kim Bouldin-Jones.
260 ## - PUBLICATION, DISTRIBUTION, ETC.
Place of publication, distribution, etc. Chatsworth, California :
Name of publisher, distributor, etc. Earls Productions, Inc. distributed by AIMS Multimedia,
Date of publication, distribution, etc. 2003.
300 ## - PHYSICAL DESCRIPTION
Extent DVD video 1 videodisc (25 min.) sd., col.,
Other physical details 4 3/4 in.
500 ## - GENERAL NOTE
General note Participants: Teacher: Kim Bouldin-Jones./ Audience: Grades 9-12, adult.
520 ## - SUMMARY, ETC.
Summary, etc. Kim Bouldin-Jones teaches people how HIV is transmitted, detected and treated. Contains practical steps for reducing the risk of transmission.
650 #0 - SUBJECT ADDED ENTRY--TOPICAL TERM
Topical term or geographic name entry element AIDS (Disease)
650 #0 - SUBJECT ADDED ENTRY--TOPICAL TERM
Topical term or geographic name entry element HIV (Viruses)
650 #0 - SUBJECT ADDED ENTRY--TOPICAL TERM
Topical term or geographic name entry element Educational films
Holdings
Withdrawn status Lost status Damaged status Not for loan Home library Current library Shelving location Date acquired Total checkouts Full call number Barcode Date last seen Price effective from Koha item type
        Franklin Franklin General stacks 22/03/2026   GEN BC0010184 22/03/2026 22/03/2026 Books